01378nam a22001697a 4500008004100000020001800041050001700059100003800076245019600114260006000310300002500370504009700395505063100492650002101123650003201144650003201176130313t2009 mx ||||| |||| 00| 0 spa d a9786074682137 aKGF3266bG65 aGonzález Oropeza, Manueleautor aLas Resoluciones Judiciales que han forjado a México, vol. IVb : La constitucion Política de los Estados Unidos Mexicanos de 1917c / Manuel González Oropeza ; Pedro A. López Saucedo aMéxicob : Poder Judicial de la Federaciónc , 2009 axiii ; 399 páginas aIncluye: Tabla de contenido Preliminar Presentación Referencias documentales (pp. 375-399) aLegitimidad de la Cosntitución de 1917 y la sustanciación de los juicios de amparo al inicio de su vigencia Constitucionalidad de la reforma a la Constitución de 1857 en 1917 Otorgamiento de una suspención en cajetilla de cigarros Primera controversia constitucional solicitada por un ayuntamiento Controversia sobre facultades legislativas entre la federación y el estado de Oaxaa Implementación del estado social de derecho por la Suprema Corte Irrectroactividad de las disposiciones constitucionales Polémica sobre el control difuso de la constitucionalidad Investigación sobre violaciones al voto público 0aJUICIO DE AMPARO 0aFACULTADES JURISDICCIONALES 0aCONSTITUCIONALISMO MEXICANO